000 00500nam a2200181 a 4500
001 1770453311768
003 YourLibrary
005 20260207140841.0
008 260207s2003##################000#0#eng##
020 _a9780333980866
082 0 4 _a333.338722
_bLEI
100 1 _aLeishman, Chris,
_eauthor.
245 1 0 _aReal Estate Market Research and Analysis :
260 _bRed Globe Press,
_c2003.
650 0 _aBusiness & Economics.
942 _cENGLISH
040 _aYourLibrary
_beng
_cYourLibrary
999 _c610945
_d610945